| 000 | 00371nam a22001457a 4500 | ||
|---|---|---|---|
| 005 | 20240603144407.0 | ||
| 008 | 240603b sa ||||| |||| 00| 0 eng d | ||
| 020 | _a9781844036394 | ||
| 040 | _c3228 | ||
| 082 | _a909.82 JACK | ||
| 245 | _aDefining moments in History | ||
| 260 |
_aLondon _bCassell Illustrated _c2008 |
||
| 300 |
_a798 pages _c17 cm |
||
| 942 |
_2ddc _cBOOK _w190 _xDudu Mondlane _y190 _zDudu Mondlane |
||
| 999 |
_c764341 _d764340 |
||